Statistics for Countries that Start with C by Flag-Shape

Click here to take the quiz!

General Stats

  • This quiz has been taken 27 times
  • The average score is 14 of 15

Answer Stats

Answer% Correct
Canada
100%
China
100%
Cameroon
96%
Chad
96%
Croatia
96%
Czech Republic
96%
Cambodia
93%
Chile
93%
Colombia
93%
Costa Rica
93%
Cuba
89%
Cyprus
89%
Comoros
85%
Cape Verde
81%
Central African Republic
81%

Score Distribution

Percentile by Number Answered

Percent of People with Each Score

Your Score History

You have not taken this quiz